小学校一年で習う漢字ドボンクイズ - Statistics

General Stats
  • This quiz has been taken 54 times
  • The average score is 25 of 40
Answers on the Grid
Answers color-coded by a green-red scale on the quiz's grid according to % correct below.
 
Answer Stats
Answer % Correct
74%
72%
72%
70%
70%
70%
70%
68%
68%
68%
68%
66%
66%
66%
66%
64%
64%
62%
62%
62%
62%
62%
62%
60%
60%
60%
60%
60%
57%
57%
55%
55%
55%
55%
55%
53%
53%
53%
51%
49%
No matching quizzes found
Score Distribution
Percent of People with Each Score
Percentile by Number Answered
Your Score History
You have not taken this quiz